000 00663nam a2200265Ia 4500
003 OSt
005 20221006144755.0
006 a|||||r|||| 00| 0
007 ta
008 221006b |||||||| |||| 00| 0 eng d
020 _c3.00
024 _a12,677
037 _cTextual
040 _aEASL
_cEASL
_beng
041 _2eng
_aeng
082 _aV41:194.N62, K6
100 _aKAPUR Harish
245 0 _aChina and the afro-asian world
260 _aNew Delhi
_bChina Study
_c1966
300 _a47p.
_ccm.
490 _v CEL
650 _aCEL
942 _hV41:194.N62, K6
_cTEXL
_2CC
999 _c1080763
_d1080763